| 000 | 01017cam a2200349 a 4500 | ||
|---|---|---|---|
| 001 | 454450 | ||
| 003 | ARRUPE | ||
| 005 | 20140915175942.0 | ||
| 008 | 860321s1986 enk b 001 0 eng | ||
| 010 | _a 85015099 | ||
| 020 |
_a0631139931 (U.S.) : _c$39.95 |
||
| 020 |
_a063113994X (U.S. : pbk.) : _c$12.95 |
||
| 035 | _a(OCoLC)12236763 | ||
| 035 | _a(OCoLC)ocm12236763 | ||
| 035 | _a(CStRLIN)NYCG86-B30485 | ||
| 035 | _a(NNC)454450 | ||
| 040 |
_dCStRLIN _cDCL |
||
| 050 | 0 |
_aBD655 _b.L48 1986 |
|
| 082 | 0 |
_a111 _219 |
|
| 090 |
_aBD655 _b.L48 1986 |
||
| 100 | 1 |
_aLewis, David K. _911312 |
|
| 245 | 1 | 0 |
_aOn the plurality of worlds / _cDavid Lewis. |
| 260 |
_aOxford, UK ; _aNew York, NY, USA : _bB. Blackwell, _c1986. |
||
| 300 |
_aix, 276 p. ; _c24 cm. |
||
| 500 | _aIncludes index. | ||
| 504 | _aBibliography: p. 264-270. | ||
| 650 | 0 |
_aPlurality of worlds. _911313 |
|
| 650 | 0 |
_aModality (Theory of knowledge) _911314 |
|
| 650 | 0 |
_aRealism. _911315 |
|
| 942 |
_2lcc _cMONOGRAPH |
||
| 999 |
_c120852 _d120852 |
||